000
00254nam a2200109Ia 4500
008
190914s9999||||xx |||||||||||||| ||und||
100
_a
Somerville,IAN
245
0
_a
Software Engineering
260
_a
London
_b
Prentice
_c
1994
300
_a
484
942
_c
BK
999
_c
8698
_d
8698